Teoria delle limitazioni amministrative al diritto di propietá con speciale riferimento ai regolamenti comunali / (Record no. 65091)

MARC details
000 -LEADER
campo de control de longitud fija 00518nam a2200157 i 4500
001 - NÚMERO DE CONTROL
campo de control 65091
003 - IDENTIFICADOR DE NÚMERO DE CONTROL
campo de control ES-MaACL
005 - FECHA Y HORA DE LA ÚLTIMA TRANSACCIÓN
campo de control 20230906165310.0
007 - CAMPO FIJO DE DESCRIPCIÓN FÍSICA--INFORMACIÓN GENERAL
campo de control de longitud fija t|
008 - DATOS DE LONGITUD FIJA--INFORMACIÓN GENERAL
campo de control de longitud fija 040108s1910 it ||||1| ita d
100 1# - ENTRADA PRINCIPAL--NOMBRE DE PERSONA
Nombre de persona Fragola, Giuseppe.
9 (RLIN) 52083
245 10 - MENCIÓN DEL TÍTULO
Título Teoria delle limitazioni amministrative al diritto di propietá con speciale riferimento ai regolamenti comunali /
Mención de responsabilidad, etc. Giuseppe Fragola.
260 ## - PUBLICACIÓN, DISTRIBUCIÓN, ETC.
Lugar de publicación, distribución, etc. Milano :
Nombre del editor, distribuidor, etc. [s.n.,
Fecha de publicación, distribución, etc. 1910] (
Lugar de fabricación/manufactura Parma :
Fabricante A. Cervini)
300 ## - DESCRIPCIÓN FÍSICA
Extensión 356 p. ;
Dimensiones 25 cm.
852 ## - LOCALIZACIÓN
Ubicación ES-MaACL
Número de control de estantería F-9903
Holdings
Estatus retirado Estado de pérdida Estado de daño No para préstamo Biblioteca de origen Biblioteca actual Ubicación en estantería Fecha de adquisición Fuente de adquisición Total de préstamos Signatura topográfica completa Código de barras Visto por última vez Precio de reemplazo Tipo de ítem Koha
        Biblioteca del Ateneo de Madrid Biblioteca del Ateneo de Madrid Sala Pecera Planta 2 17/01/2008     F-9903 1068200 23/02/2023 23/02/2023 Libro impreso